000 00666nam a2200265Ia 4500
005 20260121165325.0
008 008 260114s9999 xx 000 0 eng d
020 _a9783319631905
037 _aEBOOK
040 _aCRL
040 _beng
040 _cCRL
041 _2eng
041 _aeng
084 _qCRL
100 _aDave Cormack
_91050292
245 3 _aAn Introduction to Well Control Calculations for Drilling Operations
260 _bSpringer
260 _bSpringer
260 _c2017
856 _uhttps://link.springer.com/openurl?genre=book&isbn=978-3-319-63190-5
942 _cEBOOK
999 _c1616017
_d1616017